00611nam a2200193 a 4500008004100000020002200041100002400063245008500087260005100172300003400223500002000257504004100277650002400318650002600342700002200368003000100390005001700391040000900408  a0521589185 (pbk.)1 aVesilind, P. Aarne.10aEngineering, ethics, and the environment /cP. Aarne Vesilind, Alastair S. Gunn. aNew York :bCambridge University Press,c1998. axvi, 314 p. :bill. ;c24 cm. aIncludes index. aIncludes bibliographical references. 0aEngineering ethics. 0aEnvironmental ethics.1 aGunn, Alastair S.20230123133701.0 cNUST